| 000 | 00000nam##2200000za#4500 |
| 001 | 9.607023 |
| 003 | CaOODSP |
| 005 | 20210624212923 |
| 007 | cr ||||||||||| |
| 008 | 150406|2000||||xxc|||||o f|0| 0 fre|d |
| 040 | |aCaOODSP|bfre |
| 043 | |an-cn--- |
| 086 | 1 |aEn49-24/1-50F-PDF |
| 110 | 1 |aCanada. |bEnvironnement Canada. |bService de la protection de l'environnement. |
| 245 | 10|aRapport sur les essais biologiques de toxicité au moyen d'études sur le gradient de pollution - Port de Sydney / |h[ressource électronique]|cpar B.A. Zajdlik, K.G. Doe, et L.M. Porebski. |
| 260 | |aOttawa - Ontario : |bEnvironnement Canada. |cJuillet 2000. |
| 300 | |a128p.|bgraphiques, carte, références, tableaux, photographies |
| 490 | 1 |aSérie de la protection de l'environnement. Toxicité aquatique|vSPE 3/AT/2 |
| 500 | |aLe n° de catalogue (En49-24/1-50F) et l'ISBN (0-660-96515-1) de l'édition imprimée ont été incorrectement copiés dans l'édition électronique. |
| 546 | |a(Abstract in English). |
| 590 | |a14-21-Supp|b2014-12-11 |
| 691 | 07|aPollution de l'eau|2gcpds |
| 691 | 07|aBiologie marine|2gcpds |
| 691 | 07|aToxicologie|2gcpds |
| 775 | 08|tReport on biological toxicity tests using pollution gradient studies - Sydney Harbour / |w(CaOODSP)9.579410 |
| 776 | 0#|tRapport sur les essais biologiques de toxicité au moyen d'études sur le gradient de pollution -- Port de Sydney / |w(CaOODSP)9.625597 |
| 830 | #0|aSérie de la protection de l'environnement. Toxicité aquatique ;|vSPE 3/AT/2|w(CaOODSP)9.501267 |
| 856 | 40|ahttp://publications.gc.ca|qPDF|s2.44 Mo|uhttps://publications.gc.ca/collections/collection_2014/ec/En49-24-1-50-fra.pdf|ySPE 3/AT/2 |